000 00575nam a2200169 a 4500
001 000030118
005 20200930060046.0
008 110429s2008 dr 000 0 spa d
020 _a9789264044111
040 _aDO-SdBNP
_bspa
_cBNPHU
082 _axxx
_bI43r
245 0 0 _aInforme sobre las políticas nacionales de educación :
_bRepública Dominicana.
260 _a[Santo Domingo] :
_bOrganización para la Cooperación y el Desarrollo Económicos (OCDE),
_c2008.
300 _a292 p. ;
_c25 cm.
500 _aIncluye notas y referencias bibliográficas
049 _aBNPD
999 _c29610
_d29610